00341nam a22000857a 4500008004100000245009400041260006800135300002300203650002900226200401b ||||| |||| 00| 0 eng d aMpango wa Maendeleo wa Mwaka 2006/07/cWizara ya Mipango, Uchumi na Uwezeshaji,hSwahili. aDar Es Salaam:bWizara ya Mipango, Uchumi na Uwezeshaji,c2006. aiii, 114p;c29cm.- 2PLANNING AND DEVELOPMENT